Movies Quiz

Random Movies or Actor Quiz

Harrison Ford Needs a Job Quiz Stats

Quiz Updated May 12, 2016

Challenge
Share
Tweet
Embed
Score 0/33 Timer 07:00
2 Plays Today
% Correct
Interstellar Smuggler
89.9%
Archaeologist
89.5%
US President
82.4%
Soviet Submarine Captain
52%
Police Officer
51.2%
Baseball Executive
51.2%
Replicant Hunter
51.1%
Cattleman
49.2%
Police Officer
48%
Surgeon
47.7%
Police Officer
44%
Commuter Pilot
42.8%
Attorney
41%
US Army Intelligence Officer
40.3%
Attorney
38.6%
Investment Broker
31.9%
Television Journalist
31.6%
% Correct
Surgeon
29.9%
Larrabee Corporation Executive
29.3%
Police Officer
29%
US Special Forces Unit Leader
27.6%
Professor at US Naval Academy
25.7%
Confederate Soldier
25.4%
Bank Robber
23.8%
Bank Employee
23.8%
Research Scientist
21.4%
Assistant to 'The Director'
15.8%
Inventor
14.7%
Research Scientist
13.9%
US Bomber Pilot
12.5%
US Immigration & Customs Agent
10.3%
Union Army Officer
8.5%
Stock Car Driver
7%

You're not logged in!

Compare scores with friends on all Sporcle quizzes.
Sign Up with Email
OR
Log In

You Might Also Like...

Show Comments

Extras

Top Quizzes Today


Score Distribution

Your Account Isn't Verified!

In order to create a playlist on Sporcle, you need to verify the email address you used during registration. Go to your Sporcle Settings to finish the process.